Southville International School and Colleges
Your cart is empty.
  • Cart
  • Lists
    Public lists Eva Luna New books Lux_list list_1
    Your lists Log in to create your own lists
  • Log in to your account
  • Your cookies
  • Search history
Southville International School and Colleges
  • Advanced search
  • Recent comments
  • Most popular
  • Libraries

Log in to your account

Log in with GOOGLE


If you do not have an external account, but do have a local account, you can still log in:

  1. Home
  2. MARC view: Gardening with ferns /
Normal view MARC view ISBD view

Gardening with ferns / (Record no. 10621)

[ view plain ]
MARC details
000 -LEADER
fixed length control field 00549nam a22001937a 4500
003 - CONTROL NUMBER IDENTIFIER
control field OSt
005 - DATE AND TIME OF LATEST TRANSACTION
control field 20140310182217.0
008 - FIXED-LENGTH DATA ELEMENTS--GENERAL INFORMATION
fixed length control field 130907t xxu||||| |||| 00| 0 eng d
050 ## - LIBRARY OF CONGRESS CALL NUMBER
Classification number SB 457
Item number .M112 1973
082 ## - DEWEY DECIMAL CLASSIFICATION NUMBER
Classification number HS 635
Item number M11 1973
100 ## - MAIN ENTRY--PERSONAL NAME
Personal name Mabe, Rex E.
9 (RLIN) 17121
245 ## - TITLE STATEMENT
Title Gardening with ferns /
Statement of responsibility, etc Rex E. Mabe ; illustration R. Gabriel.
260 ## - PUBLICATION, DISTRIBUTION, ETC. (IMPRINT)
Place of publication, distribution, etc Greensboro :
Name of publisher, distributor, etc Potpourri Press,
Date of publication, distribution, etc c1973.
300 ## - PHYSICAL DESCRIPTION
Extent 47 p. ;
Other physical details ill. ;
Dimensions 20 cm.
650 ## - SUBJECT ADDED ENTRY--TOPICAL TERM
Topical term or geographic name as entry element Gardening.
9 (RLIN) 16951
700 ## - ADDED ENTRY--PERSONAL NAME
Personal name Gabriel, R.
9 (RLIN) 17122
942 ## - ADDED ENTRY ELEMENTS (KOHA)
Source of classification or shelving scheme Library of Congress Classification
Koha item type
Holdings
Withdrawn status Lost status Source of classification or shelving scheme Damaged status Home library Current library Shelving location Date acquired Total Checkouts Full call number Barcode Date last seen Copy number Price effective from Koha item type
    Library of Congress Classification   Luxembourg Library Luxembourg Library High School Section 09/07/2013   SB 457 .M112 1973 15020 09/07/2013 1 09/07/2013 Books

Gardening with ferns /

APA

Mabe R. E., Gabriel R., . (1973). Gardening with ferns. Greensboro: Potpourri Press.

Chicago

Mabe Rex E, Gabriel R, . 1973. Gardening with ferns. Greensboro: Potpourri Press.

Harvard

Mabe R. E., Gabriel R., . (1973). Gardening with ferns. Greensboro: Potpourri Press.

MLA

Mabe Rex E, Gabriel R, . Gardening with ferns. Greensboro: Potpourri Press. 1973.

  • Place hold
  • Print
  • Cite
  • Add to your cart (remove)
  • Save record
    BIBTEX Dublin Core MARCXML MARC (non-Unicode/MARC-8) MARC (Unicode/UTF-8) MARC (Unicode/UTF-8, Standard) MODS (XML) RIS
  • More searches
    Search for this title in:
    Other Libraries (WorldCat) Other Databases (Google Scholar) Online Stores (Bookfinder.com) Open Library (openlibrary.org)

Exporting to Dublin Core...

SOUTHVILLE LIBRARY

Southville International School and Colleges Library

1281 Tropical Ave. Cor. Luxembourg St., BF Homes International, Las Pinas City

Tel. No. 8256374 / 252358 Loc. 117/146

Powered by Koha